Afrique, lève-toi et marche! Le deuxième synode des Évêques pour l'Afrique: une nouvelle Pentecôte (Record no. 323076)

000 -CABECERA
Campo de control de longitud fija 00423nab a22001097u 4500
008 - CÓDIGOS DE INFORMACIÓN DE LONGITUD FIJA
Campo de control de longitud fija 130520b2010 xxu||||| |||| 00| 0 fre d
041 ## - CÓDIGO DE LENGUA
Código de lengua del texto/banda sonora o título independiente fre
100 1# - PUNTO DE ACCESO PRINCIPAL-NOMBRE DE PERSONA
Nombre de persona Santedi Kinkupu, Léonard
9 (RLIN) 54135
245 00 - MENCIÓN DE TÍTULO
Título Afrique, lève-toi et marche! Le deuxième synode des Évêques pour l'Afrique: une nouvelle Pentecôte
Mención de responsabilidad, etc. Léonard Santedi Kinkupu
773 0# - ENLACE AL DOCUMENTO FUENTE
Título Lumen Vitae
Parte(s) relacionada(s) V.65, nº1,2010,págs. 95-103
Número Internacional Normalizado para Publicaciones Seriadas (ISSN) 0024-7324
Número de control del registro relacionado Rev262
942 ## - ENTRADA DE ELEMENTOS AGREGADOS (KOHA)
Koha [por defecto] tipo de item Artículos de revista
Holdings
Suprimido Perdido Estropeado No para préstamo Localización permanente Localización actual Localización en estantería Fecha adquisición Préstamos totales Fecha última consulta Fecha del precio de reemplazo Tipo de item de Koha
        San Esteban San Esteban Depósito de revistas 21/05/2013   21/05/2013 21/05/2013 Artículos de revista

Bibliotecas Dominicos Provincia Hispania, 2016

Con tecnología Koha